<?xml version="1.0" encoding="UTF-8"?>
<collection xmlns="http://www.loc.gov/MARC21/slim">
 <record>
  <leader>     na                 </leader>
  <controlfield tag="001">INLIS000000000014908</controlfield>
  <controlfield tag="005">20251022021148</controlfield>
  <datafield tag="035" ind1=" " ind2=" ">
   <subfield code="a">0010-1025000048</subfield>
  </datafield>
  <datafield tag="245" ind1="1" ind2=" ">
   <subfield code="a">Desain pencahayaan arsitektural :</subfield>
   <subfield code="b">konsep pencahayaan artifisial pada ruang eksterior /</subfield>
   <subfield code="c">Parmonangan Manurung</subfield>
  </datafield>
  <datafield tag="100" ind1="0" ind2=" ">
   <subfield code="a">Manurung, Parmonangan</subfield>
  </datafield>
  <datafield tag="300" ind1=" " ind2=" ">
   <subfield code="a">xx, 172 hlm.; 23 cm. :</subfield>
   <subfield code="b">Ilustrasi</subfield>
  </datafield>
  <datafield tag="700" ind1="0" ind2=" ">
   <subfield code="a">Nikodemus WK (editor)</subfield>
  </datafield>
  <datafield tag="260" ind1=" " ind2=" ">
   <subfield code="a">Yogyakarta :</subfield>
   <subfield code="b">Andi,</subfield>
   <subfield code="c">2009</subfield>
  </datafield>
  <datafield tag="082" ind1=" " ind2=" ">
   <subfield code="a">729</subfield>
  </datafield>
  <datafield tag="084" ind1=" " ind2=" ">
   <subfield code="a">729 MAN d</subfield>
  </datafield>
  <datafield tag="020" ind1=" " ind2=" ">
   <subfield code="a">978-979-29-1210-4</subfield>
  </datafield>
  <datafield tag="650" ind1=" " ind2=" ">
   <subfield code="a">Dekorasi dan ornamen arsitektur</subfield>
  </datafield>
  <datafield tag="520" ind1=" " ind2=" ">
   <subfield code="a">Pencahayaan merupakan elemen yang memegang peranan penting dalam memberikan informasi visual suatu lingkungan. Tanpa pencahayaan yang baik, kita tidak dapat melihat atau menikmati kondisi visual di sekitar kita, bahkan jika kondisi visual tersebut merupakan sebuah karya arsitektur yang sangat indah.&#13;
&#13;
Pencahayaan artifisial tidak hanya mampu menampilkan informasi visual, tetapi juga dapat digunakan untuk meningkatkan kualitas visual sehingga mampu memenuhi kebutuhan visual bagi orang yang melihatnya.&#13;
&#13;
Pencahayaan juga dapat memengaruhi sisi psikologis dan fisiologis manusia karena mampu menciptakan respon tertentu melalui kondisi visual yang dihasilkan dan, di sisi lain, mampu menunjang berbagai aktivitas yang terjadi pada sebuah ruang.&#13;
&#13;
Namun, pemahaman yang kurang mengenai pencahayaan (sumber-sumber cahaya, kualitas, dan kuantitas cahaya) dan perkembangan teknologi pencahayaan sering kali menjadi kendala dalam menghasilkan kualitas visual yang baik. Untuk itu, buku ini hadir sebagai suatu pemecahan atas berbagai permasalahan tersebut melalui berbagai pemikiran, kajian teori, dan hasil penelitian.</subfield>
  </datafield>
  <controlfield tag="008">251022                d          0 ind  </controlfield>
  <datafield tag="990" ind1=" " ind2=" ">
   <subfield code="a">025.4363/PC/25</subfield>
  </datafield>
  <datafield tag="990" ind1=" " ind2=" ">
   <subfield code="a">025.4364/PC/25</subfield>
  </datafield>
  <datafield tag="990" ind1=" " ind2=" ">
   <subfield code="a">025.4365/PC/25</subfield>
  </datafield>
 </record>
</collection>
